[Event "Benidorm Ciegos-ch 15th"]
[White "Sanz Garcia, Ramon"]
[Black "Oviedo Granado, Juan"]
[Site "Benidorm"]
[Round "6"]
[Result "1/2-1/2"]
[Date "2015.06.12"]
[WhiteElo "1763"]
[BlackElo "1759"]
[PlyCount "45"]
[EventDate "2015.06.07"]
[EventType "swiss"]
[EventRounds "7"]
[EventCountry "ESP"]
[SourceTitle "CBM 167 Extra"]
[Source "ChessBase"]
[SourceDate "2015.09.14"]
[SourceVersion "1"]
[SourceVersionDate "2015.09.14"]
[SourceQuality "1"]

1. d4 d5 2. c4 e6 3. Nc3 c6 4. Nf3 Nf6 5. e3 Be7 6. Bd3 0-0 7. 0-0 Nbd7 8. Qc2 Re8 9. b3 Nf8 10. Bb2 Ng6 11. cxd5 exd5 12. h3 Bd6 13. Rfe1 Bb4 14. a3 Bxc3 15. Bxc3 Ne4 16. Nd2 Nxc3 17. Qxc3 Qg5 18. Nf3 Qf6 19. Be2 Bf5 20. Nh2 Qg5 21. Nf3 Qf6 22. Nh2 Qg5 23. Nf3 1/2-1/2

[Event "Benidorm FEDC op 14th"]
[White "Montilla Bejarano, Carmen"]
[Black "Oviedo Granado, Juan"]
[Site "Benidorm"]
[Round "1"]
[Result "0-1"]
[Date "2014.06.08"]
[WhiteElo "1130"]
[BlackElo "1715"]
[PlyCount "65"]
[EventDate "2014.06.08"]
[EventType "swiss"]
[EventRounds "7"]
[EventCountry "ESP"]
[SourceTitle "EXT 2016"]
[Source "ChessBase"]
[SourceDate "2015.10.08"]
[SourceVersion "1"]
[SourceVersionDate "2015.10.08"]
[SourceQuality "1"]

1. e4 e5 2. Nf3 d6 3. Bb5+ Bd7 4. Bc4 Be7 5. Nc3 Nf6 6. d4 exd4 7. Nxd4 0-0 8. 0-0 c6 9. Re1 a5 10. e5 dxe5 11. Rxe5 Bd6 12. Re2 Bg4 13. f3 Bh5 14. Ne4 Nxe4 15. Rxe4 c5 16. Bf4 Bxf4 17. Rxf4 cxd4 18. Rxd4 Qb6 19. Kh1 Nc6 20. Rd5 Bg6 21. Rb5 Qc7 22. Qd5 Bxc2 23. Rc5 Bg6 24. Rc1 Rfd8 25. Qg5 Rd6 26. h4 Rad8 27. Rd5 h6 28. Qf4 Qd7 29. Rxd6 Qxd6 30. Qxd6 Rxd6 31. Bb5 Kf8 32. a4 Ke7 33. Kg1 0-1